00597nam a2200205 a 450000100060000000300080000600500170001400800410003103500190007204000350009104100080012608200260013410000250016024500680018526000320025330000260028565100290031165100290034070000220036913800BD-RjUL20211208235520.0161124s1955 enka b 001 0 eng d a(BD-RjUL)13852 aBD-RjULbengcBD-RjULdBD-RjUL aeng 223a823.912bDOL 19551 aDoyle, Arthur Conan 14aThe lost world /cArthur Conan Doyle, Edited by Kenneth Pinnock aLondon :bJohn Murry,c1955 axiii, 225 p. ;c19 cm aSouth AmericaxDinosaurs xDiscoveries in geography aPinnock, Kenneth